Pagtuturo mula sa puso : (Record no. 3813)

MARC details
000 -LEADER
fixed length control field 00753nam a22002057a 4500
003 - CONTROL NUMBER IDENTIFIER
control field OSt
005 - DATE AND TIME OF LATEST TRANSACTION
control field 20250725032248.0
008 - FIXED-LENGTH DATA ELEMENTS--GENERAL INFORMATION
fixed length control field 250725b |||||||| |||| 00| 0 eng d
020 ## - INTERNATIONAL STANDARD BOOK NUMBER
International Standard Book Number 978-621-04-4845-0
040 ## - CATALOGING SOURCE
Original cataloging agency DWC-Main Lib
Transcribing agency OC
082 ## - DEWEY DECIMAL CLASSIFICATION NUMBER
Classification number Fil. 499.211 L788p 2023
100 ## - MAIN ENTRY--PERSONAL NAME
Personal name Liwanag, Lydia Buenafe
245 ## - TITLE STATEMENT
Title Pagtuturo mula sa puso :
Remainder of title sanguniang pang guro sa pagtuturo ng Filipino : elementary, sekundarya, tersyarya/
Statement of responsibility, etc. Lydia Buenafe Liwanag
250 ## - EDITION STATEMENT
Edition statement 1st edition
260 ## - PUBLICATION, DISTRIBUTION, ETC.
Place of publication, distribution, etc. Sampaloc, Manila, Philippines :
Name of publisher, distributor, etc. Rex Bookstore,
Date of publication, distribution, etc. c2023.
300 ## - PHYSICAL DESCRIPTION
Extent xxviii, 603 pages :
Other physical details illustrations ;
Dimensions 27cm.
504 ## - BIBLIOGRAPHY, ETC. NOTE
Bibliography, etc. note Includes index.
650 ## - SUBJECT ADDED ENTRY--TOPICAL TERM
Topical term or geographic name entry element 1. Filipino Language - study and teaching.
942 ## - ADDED ENTRY ELEMENTS (KOHA)
Source of classification or shelving scheme Dewey Decimal Classification
Koha item type Book-Filipiniana
Edition 1st edition
Call number prefix Fil.
Suppress in OPAC No
952 ## - LOCATION AND ITEM INFORMATION (KOHA)
--
Holdings
Withdrawn status Lost status Source of classification or shelving scheme Damaged status Not for loan Home library Current library Shelving location Date acquired Source of acquisition Cost, normal purchase price Total Checkouts Full call number Barcode Date last seen Copy number Price effective from Koha item type Uniform Resource Identifier
    Dewey Decimal Classification     College Library College Library Filipiniana 11/08/2024 School Fund 670.00   Fil. 499.211 L788p 2023 54244 07/25/2025 c1 07/25/2025 BK - FIL